| 000 | 00465nam a2200157 a 4500 | ||
|---|---|---|---|
| 005 | 20140412111426.0 | ||
| 008 | 090629s19uu xx 00 eng d | ||
| 020 | _a955-655-150-6 | ||
| 050 |
_aTR(PS E _bM92 2006 |
||
| 100 | _aMunasinghe, Priyangita | ||
| 245 |
_aThe Wonderful Journey of Baby Elephant / _cPriyangita Munasinghe. |
||
| 260 |
_aSri Lanka : _bWasana Publishers, _c2006. |
||
| 300 | _a11p. | ||
| 650 | _achildren stories - fiction | ||
| 999 |
_c106222 _d106222 |
||